[Event "I Liga Centralne Srbije"]
[Site "Bajina Bašta, Serbia"]
[Date "2020.10.15"]
[Round "9.6"]
[White "Dimitrijevic, Zoran"]
[Black "Micic, Aleksa"]
[Result "1/2-1/2"]
[WhiteElo "2088"]
[BlackElo "2060"]
[Annotator "Knez"]
[PlyCount "60"]
[EventDate "2020.??.??"]
[TimeControl "90"]
[WhiteClock "0:27:57"]
[BlackClock "1:19:15"]

1. Nf3 {[%emt 0:00:00]} Nf6 {[%emt 0:00:00]} 2. d4 {[%emt 0:00:00]} g6 {
[%emt 0:00:00]} 3. c4 {[%emt 0:00:00]} Bg7 {[%emt 0:00:00]} 4. Nc3 {[%emt 0:00:
00]} d5 {[%emt 0:00:00]} 5. e3 {[%emt 0:00:00]} O-O {[%emt 0:00:00]} 6. cxd5 {
[%emt 0:00:00]} Nxd5 {[%emt 0:00:00]} 7. Bc4 {[%emt 0:00:00]} Nxc3 {[%emt 0:00:
00]} 8. bxc3 {[%emt 0:00:00]} b6 {[%emt 0:00:00]} 9. O-O {[%emt 0:00:00]} Bb7 {
[%emt 0:00:00]} 10. a4 {[%emt 0:00:00]} Nd7 {[%emt 0:00:00]} 11. a5 {[%emt 0:
00:34]} a6 {[%emt 0:00:00]} 12. Re1 {[%emt 0:00:00]} b5 {[%emt 0:00:00]} 13.
Bf1 {[%emt 0:00:00]} e5 {[%emt 0:00:00]} 14. Bb2 {[%emt 0:00:00]} c5 {[%emt 0:
00:00]} 15. c4 {[%emt 0:00:00]} e4 {[%emt 0:00:00]} 16. Nd2 {[%emt 0:00:00]}
cxd4 {[%emt 0:00:00]} 17. Bxd4 {[%emt 0:00:00]} Ne5 {[%emt 0:00:00]} 18. cxb5 {
[%emt 0:00:00]} axb5 {[%emt 0:00:00]} 19. Nb3 {[%emt 0:00:00]} Bd5 {[%emt 0:00:
00]} 20. Bxe5 {[%emt 0:00:00]} Bxe5 {[%emt 0:00:00]} 21. Nd4 {[%emt 0:00:00]}
Rxa5 {[%emt 0:00:00]} 22. Rxa5 {[%emt 0:00:00]} Qxa5 {[%emt 0:00:00]} 23. Nxb5
{[%emt 0:00:00]} Be6 {[%emt 0:00:00]} 24. Nd4 {[%emt 0:00:00]} Rd8 {[%emt 0:00:
00]} 25. Qb1 {[%emt 0:00:00]} Bxd4 {[%emt 0:00:00]} 26. exd4 {[%emt 0:00:00]}
Bf5 {[%emt 0:00:00]} 27. g4 {[%emt 0:00:00]} e3 {[%emt 0:00:00]} 28. gxf5 {
[%emt 0:00:00]} exf2+ {[%emt 0:00:00]} 29. Kxf2 {[%emt 0:00:00]} Qd2+ {[%emt 0:
00:00]} 30. Kg1 {[%emt 0:00:00]} Qxd4+ {[%emt 0:00:00]} 1/2-1/2